=LDR 00000nam 2200000 4500 =001 INLIS00000000000021 =005 20260702043538 =020 ##$$a 978-623-96959-5-8 =082 ##$$a 038.463 =100 1#$$a Pratyahara, Dayu =245 1 $$a Bill Gates: Cara Kaya Ala Pendiri Microsoft /$c Dayu Pratyahara =300 ##$$a vi+102 ; 13,5x20 cm